| 000 | 00562 a2200205 4500 | ||
|---|---|---|---|
| 041 | _aEng | ||
| 082 |
_a373 _bM385c |
||
| 100 |
_aMassialas, Byron George _918669 |
||
| 100 |
_aZevin, Jack _918670 |
||
| 245 |
_aCrateive encountgers in classroom _breaching and learning through discovery |
||
| 260 |
_aNew York _bWiley _c1967 |
||
| 300 | _ax, 274p. | ||
| 504 | _aBibliography:p. 267-269 | ||
| 518 | _a2067-11-6 | ||
| 650 |
_aCreative thinking _911430 |
||
| 650 |
_aClassrooms _917382 |
||
| 650 |
_aLearning _9552 |
||
| 653 | _aEducation | ||
| 942 |
_2ddc _cGEN |
||
| 999 |
_c58584 _d58576 |
||